[Event "Veletrzni turnaj 2019"]
[Site "Brno"]
[Date "2019.08.27"]
[Round "4.26"]
[White "Zezula, Matej"]
[Black "Pelikan, Jaromir"]
[Result "0-1"]
[WhiteElo "1026"]
[BlackElo "1760"]
[PlyCount "75"]
[EventDate "2019.08.25"]

1. e4 c6 2. d4 d5 3. exd5 cxd5 4. Nc3 Nf6 5. Nf3 Nc6 6. Bb5 Bg4 7. O-O e6 8.
Qd3 Bxf3 9. Qxf3 a6 10. Bxc6+ bxc6 11. Bg5 Be7 12. Rfe1 O-O 13. Rad1 h6 14. Bh4
c5 15. dxc5 Bxc5 16. Qg3 g5 17. Bxg5 hxg5 18. Qxg5+ Kh8 19. Qe5 Rg8 20. Rd3 Rg7
21. Rg3 Rxg3 22. Qxg3 Qg8 23. Qh4+ Nh7 24. Re5 Rb8 25. b3 Rb4 26. Qh3 Rf4 27.
Nd1 Qg7 28. Rh5 Bxf2+ 29. Kh1 Bc5 30. Qd3 Rd4 31. Qe2 Re4 32. Qf1 f5 33. Nf2
Bxf2 34. Rxh7+ Kxh7 35. Qxf2 Qa1+ 36. Qg1 Re1 37. h3 Rxg1+ 38. Kh2 0-1

[Event "Veletrzni turnaj 2019"]
[Site "Brno"]
[Date "2019.08.27"]
[Round "4.27"]
[White "Tajovsky, Simon"]
[Black "Zezula, Jakub"]
[Result "1/2-1/2"]
[WhiteElo "1494"]
[BlackElo "1213"]
[PlyCount "143"]
[EventDate "2019.08.25"]

1. d4 d5 2. c4 e6 3. Nc3 Nf6 4. Nf3 c5 5. Bf4 Nc6 6. e3 Bd7 7. cxd5 exd5 8.
dxc5 Bxc5 9. Bd3 Be6 10. O-O O-O 11. Rc1 Bb6 12. Na4 Ba5 13. a3 Bg4 14. b4 Bb6
15. Nxb6 Qxb6 16. b5 Ne7 17. Rc7 Ng6 18. Bg3 Ne4 19. Qc2 Nxg3 20. hxg3 Rac8 21.
Rc1 f6 22. Nd4 Rxc7 23. Qxc7 Rc8 24. Qxc8+ Bxc8 25. Rxc8+ Kf7 26. a4 Qa5 27.
Kh2 Ne5 28. Bc2 Ng4+ 29. Kh3 Nxf2+ 30. Kh4 Ne4 31. Bb3 g5+ 32. Kg4 Nc3 33. Kf5
Ke7 34. Rh8 Nxa4 35. Rxh7+ Kd6 36. Bxa4 Qxa4 37. Rxb7 Qa1 38. Kxf6 Qf1+ 39.
Kxg5 Qxg2 40. Kf4 Qf1+ 41. Kg4 Qe1 42. Rxa7 Kc5 43. Re7 Qd1+ 44. Kg5 Qg1 45. g4
Qf1 46. Kg6 Qb1+ 47. Kh6 Qh1+ 48. Kg6 Qh8 49. g5 Qg8+ 50. Kf6 Qf8+ 51. Rf7 Qh8+
52. Kg6 Qg8+ 53. Kf6 Qd8+ 54. Kf5 Qc8+ 55. Ne6+ Kxb5 56. g6 Qc2+ 57. Kf6 Qf2+
58. Ke7 Qxe3 59. g7 Qa7+ 60. Kf6 Qf2+ 61. Kg6 Qg2+ 62. Ng5 Qc2+ 63. Rf5 Qc6+
64. Kh7 Qc2 65. Kg6 Qc6+ 66. Rf6 Qc2+ 67. Kf7 Qc7+ 68. Kg6 Qc2+ 69. Kh5 Qh2+
70. Kg4 Qg2+ 71. Kh4 Qh1+ 72. Kg4 1/2-1/2

[Event "Veletrzni turnaj 2019"]
[Site "Brno"]
[Date "2019.08.28"]
[Round "5.1"]
[White "Pokorny, Petr"]
[Black "Dirgas, Josef"]
[Result "1/2-1/2"]
[WhiteElo "2220"]
[BlackElo "2114"]
[PlyCount "103"]
[EventDate "2019.08.25"]

1. d4 Nf6 2. Nf3 b6 3. Bf4 e6 4. e3 Be7 5. h3 O-O 6. Nbd2 Bb7 7. Bd3 d5 8. O-O
c5 9. c3 Nc6 10. Rc1 Bd6 11. Bxd6 Qxd6 12. dxc5 Qxc5 13. c4 dxc4 14. Rxc4 Qd5
15. Qb1 Rfd8 16. Rc3 Ne5 17. e4 Nxf3+ 18. Nxf3 Nxe4 19. Bxe4 Qxe4 20. Qxe4 Bxe4
21. Rfc1 Bxf3 22. Rxf3 Rd7 23. Rfc3 Kf8 24. Rc8+ Rxc8 25. Rxc8+ Ke7 26. Kf1 Rd2
27. Rc7+ Kf6 28. Rxa7 Rxb2 29. h4 h5 30. a4 Ra2 31. Ra6 g6 32. Rxb6 Rxa4 33. g3
Kf5 34. Rb7 f6 35. Ke2 Re4+ 36. Kf3 e5 37. Rb6 Re1 38. Rb5 g5 39. hxg5 fxg5 40.
Ra5 Rd1 41. Ke3 Rd4 42. Rb5 h4 43. gxh4 gxh4 44. Rb8 Ra4 45. f3 Ra3+ 46. Kf2
Ra2+ 47. Ke3 h3 48. Rh8 h2 49. Rh5+ Kg6 50. Rh8 Kg5 51. Rh7 Kg6 52. Rh8 1/2-1/2

[Event "Veletrzni turnaj 2019"]
[Site "Brno"]
[Date "2019.08.28"]
[Round "5.2"]
[White "Vyskocil, Neklan"]
[Black "Snorek, Milan"]
[Result "1-0"]
[WhiteElo "2306"]
[BlackElo "1949"]
[PlyCount "49"]
[EventDate "2019.08.25"]

1. Nf3 d5 2. g3 Nf6 3. Bg2 c6 4. O-O Bf5 5. b3 e6 6. Bb2 Nbd7 7. d3 h6 8. Nbd2
Bh7 9. Re1 Be7 10. e4 dxe4 11. dxe4 O-O 12. Qe2 a5 13. a3 Nc5 14. Ne5 Nfd7 15.
Nxd7 Qxd7 16. Nc4 Ra6 17. Rad1 Qc8 18. Qd2 Rd8 19. Qc3 Bf6 20. e5 Be7 21. Nd6
Rxd6 22. exd6 Bf6 23. Qxc5 Bxb2 24. c3 b6 25. Qxc6 1-0

[Event "Veletrzni turnaj 2019"]
[Site "Brno"]
[Date "2019.08.28"]
[Round "5.3"]
[White "Kriz, Tomas"]
[Black "Sipek, Michal"]
[Result "0-1"]
[WhiteElo "1521"]
[BlackElo "2010"]
[PlyCount "162"]
[EventDate "2019.08.25"]

1. e4 d6 2. d4 g6 3. Nc3 Bg7 4. f4 e5 5. dxe5 dxe5 6. Qxd8+ Kxd8 7. Bc4 Be6 8.
Bxe6 fxe6 9. Nge2 Nd7 10. O-O Ne7 11. Bd2 a6 12. a4 Rf8 13. Rad1 Ke8 14. fxe5
Bxe5 15. Rxf8+ Nxf8 16. Bf4 Bxf4 17. Nxf4 Nc6 18. Kf2 Ke7 19. Ke2 Nd7 20. Nh3
Nde5 21. Ng5 h6 22. Nf3 Nxf3 23. Kxf3 Rf8+ 24. Ke2 Ne5 25. h3 g5 26. Ke1 Nc4
27. b3 Ne5 28. Ne2 g4 29. h4 Ng6 30. g3 Ne5 31. Nf4 Rf6 32. Ke2 Nf3 33. Rd3
Nxh4 34. e5 Rf5 35. Rc3 c6 36. Rc4 Nf3 37. Ng6+ Kf7 38. Rxg4 Nxe5 39. Nxe5+
Rxe5+ 40. Kf3 Rc5 41. c4 Rf5+ 42. Ke3 Rg5 43. Rf4+ Ke7 44. g4 e5 45. Re4 a5 46.
Kd3 Kd6 47. Kc2 Kc5 48. Kc3 b6 49. Kb2 Kb4 50. Kc2 h5 51. gxh5 Rxh5 52. Re3 Rg5
53. Re2 Kc5 54. Re4 Rh5 55. Kc3 Rh3+ 56. Kc2 Kb4 57. c5+ Kxc5 58. Rxe5+ Kd4 59.
Re6 Rh2+ 60. Kb1 Kd5 61. Rg6 Kc5 62. Rg5+ Kb4 63. Rg3 b5 64. axb5 Kxb5 65. Rg4
c5 66. Rf4 Rd2 67. Rf8 Kb4 68. Rb8+ Kc3 69. Rb5 Rd5 70. Ka2 a4 71. bxa4 Rd2+
72. Kb1 c4 73. Rh5 Kb3 74. Kc1 Rc2+ 75. Kd1 Ra2 76. a5 Ra1+ 77. Ke2 c3 78. Rb5+
Kc4 79. Rb8 c2 80. Rc8+ Kb3 81. Kd2 Rd1+ 0-1

[Event "Veletrzni turnaj 2019"]
[Site "Brno"]
[Date "2019.08.28"]
[Round "5.4"]
[White "Straka, Vojtech"]
[Black "Glozar, Petr"]
[Result "1/2-1/2"]
[WhiteElo "1997"]
[BlackElo "1903"]
[PlyCount "51"]
[EventDate "2019.08.25"]

1. d4 Nf6 2. c4 e6 3. Nc3 d5 4. Nf3 Be7 5. cxd5 exd5 6. g3 O-O 7. Bg2 c6 8. O-O
b6 9. Re1 Nbd7 10. h3 Bb7 11. Bf4 a6 12. Qc2 Rc8 13. Rad1 c5 14. Qb3 c4 15. Qc2
b5 16. a3 Qb6 17. Ne5 Rfd8 18. e4 Nxe5 19. dxe5 Nxe4 20. Nxd5 Bxd5 21. Rxd5
Rxd5 22. Bxe4 Rcd8 23. Bxd5 Rxd5 24. a4 Rd3 25. axb5 axb5 26. Rc1 1/2-1/2

[Event "Veletrzni turnaj 2019"]
[Site "Brno"]
[Date "2019.08.28"]
[Round "5.5"]
[White "Nemec, David"]
[Black "Krejci, Petr"]
[Result "1/2-1/2"]
[WhiteElo "1982"]
[BlackElo "1979"]
[PlyCount "62"]
[EventDate "2019.08.25"]

1. c4 c5 2. Nc3 Nc6 3. g3 g6 4. Bg2 Bg7 5. e3 d6 6. Nge2 e5 7. O-O Nge7 8. a3
O-O 9. d3 Rb8 10. Rb1 a5 11. b3 Bg4 12. h3 Be6 13. Bb2 f5 14. Nd5 b5 15. Nxe7+
Nxe7 16. d4 bxc4 17. d5 Bc8 18. bxc4 Ba6 19. Qc2 g5 20. f4 gxf4 21. exf4 e4 22.
Bxg7 Kxg7 23. g4 Rxb1 24. Rxb1 fxg4 25. hxg4 Ng6 26. Qxe4 Qh4 27. Qf3 Kg8 28.
Rc1 Ne5 29. Qh3 Qxh3 30. Bxh3 Nd3 31. Rf1 Bxc4 1/2-1/2

[Event "Veletrzni turnaj 2019"]
[Site "Brno"]
[Date "2019.08.28"]
[Round "5.6"]
[White "Stehlik, Jiri"]
[Black "Marsa, Alexandr"]
[Result "0-1"]
[WhiteElo "1886"]
[BlackElo "1853"]
[PlyCount "80"]
[EventDate "2019.08.25"]

1. Nf3 d5 2. d4 c6 3. g3 Bf5 4. Bg2 e6 5. O-O Be7 6. b3 h6 7. Bb2 Nf6 8. c4 O-O
9. Nbd2 Nbd7 10. Ne5 Nxe5 11. dxe5 Ne4 12. Nxe4 dxe4 13. Qxd8 Rfxd8 14. Rfd1
Kf8 15. Kf1 Ke8 16. a3 Rxd1+ 17. Rxd1 a5 18. Rc1 Bc5 19. e3 Rd8 20. Ke1 Rd3 21.
Rc3 Rxc3 22. Bxc3 Bxa3 23. Bxa5 Bb2 24. Bc7 Bc3+ 25. Kd1 Bg4+ 26. Kc2 Be1 27.
Bxe4 Bxf2 28. Kd2 Bg1 29. b4 Bxh2 30. b5 Kd7 31. Bd6 Bxg3 32. Kc3 f5 33. Bg2
Bf2 34. Kd2 Bg3 35. Kc3 h5 36. Kb4 Bf2 37. Bc5 Be2 38. bxc6+ bxc6 39. Bd4 f4
40. Be4 Bxe3 0-1

[Event "Veletrzni turnaj 2019"]
[Site "Brno"]
[Date "2019.08.28"]
[Round "5.7"]
[White "Jires, Jiri"]
[Black "Tajovsky, Matej"]
[Result "1-0"]
[WhiteElo "2073"]
[BlackElo "1819"]
[PlyCount "69"]
[EventDate "2019.08.25"]

1. e4 c5 2. Nf3 Nc6 3. d4 cxd4 4. Nxd4 g6 5. Bc4 Bg7 6. Be3 Nf6 7. Nc3 O-O 8.
O-O Nxe4 9. Nxe4 d5 10. Nxc6 bxc6 11. Bd3 dxe4 12. Bxe4 Qa5 13. c3 Ba6 14. Re1
Rab8 15. Qc2 Rfd8 16. Bxa7 Rb7 17. Be3 Rdb8 18. Rab1 Rd7 19. a4 f5 20. b4 Qc7
21. Bf3 Kf8 22. Rbd1 Rbd8 23. Rxd7 Rxd7 24. Rd1 Rxd1+ 25. Bxd1 Bc4 26. Qd2 Bf6
27. a5 Qe5 28. Bd4 Qd6 29. Ba4 f4 30. Qd1 Kf7 31. Bxf6 Qxf6 32. Qd4 Qe6 33.
Qxf4+ Kg8 34. Qe3 Qf5 35. h3 1-0

[Event "Veletrzni turnaj 2019"]
[Site "Brno"]
[Date "2019.08.28"]
[Round "5.8"]
[White "Dvoracek, Jan Matyas"]
[Black "Pokladnik, Martin"]
[Result "1/2-1/2"]
[WhiteElo "1574"]
[BlackElo "1980"]
[PlyCount "59"]
[EventDate "2019.08.25"]

1. e4 d6 2. d4 Nf6 3. Nc3 g6 4. Be3 c6 5. Be2 b5 6. e5 Nfd7 7. exd6 exd6 8. d5
b4 9. dxc6 Nxc6 10. Ne4 Nb6 11. Bg5 Be7 12. Bxe7 Kxe7 13. Nf3 d5 14. Nc5 Qd6
15. Nb3 Bg4 16. O-O Bxf3 17. Bxf3 Rhd8 18. Nd4 Kf8 19. Re1 Rac8 20. Bg4 Nd7 21.
a3 a5 22. axb4 axb4 23. Ra6 Qc5 24. Rxc6 Rxc6 25. Nxc6 Qxc6 26. Bxd7 Rxd7 27.
Qd4 f6 28. Qxb4+ Kf7 29. Qd2 Kg7 30. c3 1/2-1/2

[Event "Veletrzni turnaj 2019"]
[Site "Brno"]
[Date "2019.08.28"]
[Round "5.10"]
[White "Keprt, Tomas"]
[Black "Vavrinkova, Eliska"]
[Result "0-1"]
[WhiteElo "1438"]
[BlackElo "1873"]
[PlyCount "44"]
[EventDate "2019.08.25"]

1. e4 c6 2. d4 d5 3. exd5 cxd5 4. Bd3 Nf6 5. Ne2 Nc6 6. c3 Bg4 7. O-O e6 8. Bf4
Bd6 9. Bg3 O-O 10. Nd2 a6 11. Re1 b5 12. Nb3 b4 13. Qc2 a5 14. Nc5 Bxc5 15.
dxc5 e5 16. Bb5 Na7 17. Ba4 Qc7 18. c6 Ne4 19. cxb4 axb4 20. Bb3 Be6 21. Nd4
Nxg3 22. hxg3 exd4 0-1

[Event "Veletrzni turnaj 2019"]
[Site "Brno"]
[Date "2019.08.28"]
[Round "5.11"]
[White "Krupica, Pavel"]
[Black "Vavrinkova, Anna"]
[Result "1/2-1/2"]
[WhiteElo "1856"]
[BlackElo "1652"]
[PlyCount "85"]
[EventDate "2019.08.25"]

1. Nf3 d5 2. c4 c6 3. b3 Nf6 4. d4 e6 5. g3 Bb4+ 6. Nbd2 O-O 7. Bg2 Ne4 8. O-O
Nc3 9. Qe1 Ne4 10. a3 Qa5 11. Rb1 Bc3 12. b4 Qa4 13. Bb2 Nxd2 14. Nxd2 Bxb2 15.
Rxb2 Qxa3 16. Qb1 Qa6 17. b5 Qa5 18. Rc1 Qd8 19. e4 dxc4 20. Rxc4 cxb5 21. Rxb5
a6 22. Rb6 Nd7 23. Rd6 b5 24. e5 Ra7 25. Rc2 Bb7 26. Ne4 Bd5 27. h4 h6 28. Qc1
Qa8 29. f3 Qb7 30. g4 Nb6 31. Nc5 Qb8 32. h5 Rd8 33. g5 Kh7 34. gxh6 gxh6 35.
Qf4 Rg8 36. Ne4 Bxe4 37. Qxe4+ Kh8 38. Qf4 Kh7 39. Kf2 Nc4 40. Qe4+ Kh8 41. Rc6
Qd8 42. Bf1 Qg5 43. Bxc4 1/2-1/2

[Event "Veletrzni turnaj 2019"]
[Site "Brno"]
[Date "2019.08.28"]
[Round "5.12"]
[White "Wunsch, Radek"]
[Black "Zaza, Martin"]
[Result "1-0"]
[WhiteElo "1833"]
[BlackElo "1234"]
[PlyCount "89"]
[EventDate "2019.08.25"]

1. e4 e5 2. Nf3 Nc6 3. Bb5 a6 4. Ba4 Nf6 5. O-O Be7 6. Re1 d6 7. c3 O-O 8. d4
exd4 9. cxd4 d5 10. e5 Ne4 11. Nbd2 Bb4 12. Re3 Bxd2 13. Bxd2 Bg4 14. Bxc6 bxc6
15. Rc1 Rb8 16. b3 Ng5 17. Rec3 Nxf3+ 18. gxf3 Bd7 19. Qe2 Ra8 20. Rc5 Qh4 21.
Qe3 Rfe8 22. Qf4 Qh3 23. Kh1 Kh8 24. Rg1 Rg8 25. Rcc1 Qe6 26. Rg3 h6 27. Qg4
Qxg4 28. fxg4 g5 29. h3 Kg7 30. f4 Kf8 31. f5 a5 32. a4 Ke7 33. Rc5 Ra6 34.
Rxa5 Rga8 35. Rc5 R6a7 36. Kg2 Rb7 37. Rf3 Rab8 38. b4 f6 39. Kg3 Be8 40. Rc1
Bd7 41. Ra3 Ra8 42. a5 Ra6 43. h4 Rb8 44. hxg5 hxg5 45. Rh1 1-0

[Event "Veletrzni turnaj 2019"]
[Site "Brno"]
[Date "2019.08.28"]
[Round "5.13"]
[White "Zikan, Karel"]
[Black "Zuziak, Petr"]
[Result "0-1"]
[WhiteElo "1717"]
[BlackElo "1900"]
[PlyCount "62"]
[EventDate "2019.08.25"]

1. Nf3 d5 2. d4 Nf6 3. c4 g6 4. cxd5 Qxd5 5. Nc3 Qh5 6. Bf4 c5 7. dxc5 Nc6 8.
e3 Bg7 9. Ne5 Nxe5 10. Qxh5 Nxh5 11. Nd5 Rb8 12. O-O-O e6 13. Bb5+ Kf8 14. Nc7
Ke7 15. Bg5+ f6 16. Bh4 g5 17. Bg3 Nxg3 18. hxg3 a6 19. Ba4 f5 20. Bb3 Nf7 21.
f4 Bd7 22. Rxd7+ Kxd7 23. Nxe6 Bf6 24. Rd1+ Ke7 25. Nd4 Bxd4 26. exd4 gxf4 27.
gxf4 Kf6 28. Bxf7 Kxf7 29. d5 Rhe8 30. d6 Re4 31. d7 Rd8 0-1

[Event "Veletrzni turnaj 2019"]
[Site "Brno"]
[Date "2019.08.28"]
[Round "5.14"]
[White "Nekvasil, Radek"]
[Black "Licka, Vlastimil"]
[Result "1-0"]
[WhiteElo "1708"]
[BlackElo "1872"]
[PlyCount "79"]
[EventDate "2019.08.25"]

1. b4 e6 2. Bb2 Nf6 3. a3 d5 4. e3 c5 5. bxc5 Bxc5 6. d4 Bd6 7. c4 Nc6 8. Nf3
O-O 9. Nc3 Qa5 10. Qa4 Qxa4 11. Nxa4 Bc7 12. Nc3 Ba5 13. Nd2 Bc7 14. cxd5 exd5
15. Be2 Be6 16. O-O Na5 17. Nb5 Bb6 18. Bf3 a6 19. Nc3 Rfc8 20. Rfc1 Nc4 21.
Nxc4 Rxc4 22. Rab1 Ba5 23. Be2 Rc6 24. Na4 Rac8 25. Nc5 Bf5 26. Bd3 Bxd3 27.
Nxd3 Ne4 28. Rxc6 Rxc6 29. Rc1 Rxc1+ 30. Bxc1 b5 31. f3 Nc3 32. Kf1 Na2 33. Ke2
b4 34. Bd2 Nc3+ 35. Bxc3 bxc3 36. Nb4 Kf8 37. Kd3 Ke7 38. Nxd5+ Kd7 39. Nxc3
Kc6 40. e4 1-0

[Event " Veletrzni turnaj 2019"]
[Site "Brno"]
[Date "2019.08.28"]
[Round "5.15"]
[White "Rehurek, Karel"]
[Black "Kacalek, Tomas"]
[Result "1-0"]
[WhiteElo "1743"]
[BlackElo "1683"]
[PlyCount "99"]
[EventDate "2019.08.25"]

1. e4 c5 2. Nc3 d6 3. g3 g6 4. Bg2 Bg7 5. d3 a6 6. Be3 Nc6 7. Qc1 Nf6 8. Nf3
O-O 9. Bh6 Rb8 10. Bxg7 Kxg7 11. O-O Bd7 12. Re1 e5 13. Nh4 b5 14. Ne2 Bg4 15.
c3 Qd7 16. Qd2 Bh3 17. f4 Bxg2 18. Kxg2 d5 19. Qe3 d4 20. Qd2 Ng4 21. h3 Ne3+
22. Kh2 Rbd8 23. Nf3 f6 24. Rac1 h6 25. cxd4 cxd4 26. Rc5 Qd6 27. Rec1 Nc4 28.
R5xc4 bxc4 29. Rxc4 Rf7 30. Nh4 Qd7 31. f5 g5 32. Nf3 Rc8 33. Qc2 Na7 34. Nd2
Rxc4 35. Nxc4 Qc6 36. Nc1 Rc7 37. Qe2 Nc8 38. Nb3 Qd7 39. Nba5 Ne7 40. Qd1 Qb5
41. Kg2 Rc5 42. Kf2 Qe8 43. Kg2 Qb8 44. Kf2 Qb4 45. a3 Qb8 46. Kg2 Rxa5 47.
Nxa5 Qxb2+ 48. Kf3 Qxa3 49. Nc4 a5 50. Nxa3 1-0

[Event "Veletrzni turnaj 2019"]
[Site "Brno"]
[Date "2019.08.28"]
[Round "5.16"]
[White "Nisztuk, Michal"]
[Black "Haupt, Jaromir"]
[Result "0-1"]
[WhiteElo "1630"]
[BlackElo "1743"]
[PlyCount "78"]
[EventDate "2019.08.25"]

1. e4 d6 2. d4 Nf6 3. Bd3 e5 4. c3 Nc6 5. d5 Ne7 6. f4 exf4 7. Bxf4 Ng6 8. Bg3
Be7 9. Ne2 Ng4 10. Nf4 a6 11. a4 Bg5 12. Nxg6 hxg6 13. Na3 Bh4 14. Ke2 Nxh2 15.
Bxh4 Qxh4 16. Kd2 Qg5+ 17. Kc2 Qxg2+ 18. Qe2 Qxe2+ 19. Bxe2 Rh6 20. Rag1 Bg4
21. Rg2 Bxe2 22. Rxe2 Ng4 23. Rg1 Ne5 24. b3 Ke7 25. Rgg2 Rah8 26. b4 Rh3 27.
b5 a5 28. b6 c6 29. dxc6 bxc6 30. Rg1 Rh1 31. Rg5 Re8 32. c4 Nf3 33. Rxa5 Nd4+
34. Kd3 Nxe2 35. Ra7+ Ke6 36. a5 Rh3+ 37. Kxe2 Rxa3 38. Rc7 Rxa5 39. Rxc6 Rc5
0-1

[Event "Veletrzni turnaj 2019"]
[Site "Brno"]
[Date "2019.08.28"]
[Round "5.17"]
[White "Blazek, Pavel"]
[Black "Bauer, Miroslav"]
[Result "1-0"]
[WhiteElo "1730"]
[BlackElo "1611"]
[PlyCount "69"]
[EventDate "2019.08.25"]

1. c3 e5 2. d4 d6 3. e4 Nd7 4. Bc4 Ngf6 5. Bg5 Be7 6. Qb3 O-O 7. f3 c6 8. Ne2
a5 9. O-O a4 10. Qc2 Nb6 11. Bd3 Ra5 12. f4 Be6 13. Nd2 Ng4 14. Bxe7 Qxe7 15.
Rf3 Qh4 16. Nf1 Nc4 17. f5 Nce3 18. Nxe3 Qxh2+ 19. Kf1 Qh1+ 20. Ng1 Nh2+ 21.
Ke2 Nxf3 22. Kxf3 Bd7 23. Rf1 Qh4 24. Ke2 d5 25. Nf3 Qe7 26. exd5 exd4 27. Nxd4
Re8 28. Rf3 c5 29. f6 gxf6 30. Bxh7+ Kh8 31. Ndf5 Qe4 32. Qd1 Rb5 33. Qc1 Qg4
34. Kf2 Bxf5 35. Nxg4 1-0

[Event "Veletrzni turnaj 2019"]
[Site "Brno"]
[Date "2019.08.28"]
[Round "5.18"]
[White "Hrdlicka, Vladan"]
[Black "Petlan, Ivan"]
[Result "1/2-1/2"]
[WhiteElo "1774"]
[BlackElo "1951"]
[PlyCount "78"]
[EventDate "2019.08.25"]

1. e4 c6 2. d4 d5 3. exd5 cxd5 4. c4 e6 5. Nc3 Nf6 6. Nf3 Nc6 7. Bg5 Be7 8. a3
dxc4 9. Bxc4 O-O 10. O-O b6 11. Rc1 Bb7 12. Re1 Rc8 13. Ba2 Re8 14. Qd3 a6 15.
Bb1 g6 16. Rcd1 Nd5 17. h4 Nxc3 18. bxc3 b5 19. Bxe7 Nxe7 20. Ne5 Nd5 21. Qf3
Qf6 22. Qxf6 Nxf6 23. Rc1 Bd5 24. Bd3 Red8 25. Re2 Ne8 26. c4 bxc4 27. Nxc4
Bxc4 28. Rxc4 Rxc4 29. Bxc4 a5 30. d5 exd5 31. Bxd5 Rxd5 32. Rxe8+ Kg7 33. Ra8
h5 34. g3 Kf6 35. Ra7 Ke6 36. Kg2 f6 37. a4 Kf5 38. Rb7 Ke5 39. Rb6 Kf5 1/2-1/2

[Event "Veletrzni turnaj 2019"]
[Site "Brno"]
[Date "2019.08.28"]
[Round "5.20"]
[White "Lisik, Miroslav"]
[Black "Neduchal, Jiri"]
[Result "1-0"]
[WhiteElo "1654"]
[BlackElo "1790"]
[PlyCount "71"]
[EventDate "2019.08.25"]

1. e4 c6 2. d4 d5 3. exd5 cxd5 4. Bd3 Nc6 5. c3 Qc7 6. Nf3 Bg4 7. Nbd2 e6 8.
Nf1 Bh5 9. Ng3 Bg6 10. Bxg6 hxg6 11. Be3 Nf6 12. Qd2 Bd6 13. O-O Ne7 14. Bg5
Bxg3 15. hxg3 Ne4 16. Qe2 Nf5 17. Bf4 Qb6 18. Rae1 f6 19. Nd2 g5 20. Nxe4 gxf4
21. Nc5 fxg3 22. Nxe6 gxf2+ 23. Qxf2 Ne7 24. Nxg7+ Kd7 25. Nf5 Rae8 26. Nxe7
Rxe7 27. Qf5+ Re6 28. Qxd5+ Ke7 29. Rxe6+ Qxe6 30. Qxb7+ Kf8 31. Qa8+ Kg7 32.
Qf3 f5 33. Qxf5 Qe3+ 34. Qf2 Qe6 35. Qg3+ Kh7 36. Qh3+ 1-0

[Event "Veletrzni turnaj 2019"]
[Site "Brno"]
[Date "2019.08.28"]
[Round "5.21"]
[White "Veznik, Michael"]
[Black "Vaculik, Martin"]
[Result "0-1"]
[WhiteElo "1811"]
[BlackElo "1772"]
[PlyCount "117"]
[EventDate "2019.08.25"]

1. d4 Nf6 2. Nf3 g6 3. b3 Bg7 4. Bb2 O-O 5. e3 d5 6. Nbd2 c6 7. Bd3 Nbd7 8. O-O
Re8 9. h3 Nf8 10. c4 N6d7 11. e4 dxe4 12. Nxe4 f5 13. Ng3 e5 14. c5 e4 15. Bc4+
Kh8 16. Ne5 Nxe5 17. dxe5 Be6 18. Qc2 Qa5 19. Bd4 Rad8 20. Rfd1 Rxd4 21. Rxd4
Bxe5 22. Qd1 Qxc5 23. Ne2 Bxd4 24. Nxd4 Bxc4 25. Rc1 b5 26. bxc4 Rd8 27. cxb5
Qxd4 28. Qb3 c5 29. a4 c4 30. Rxc4 Qd1+ 31. Qxd1 Rxd1+ 32. Kh2 Rd7 33. Rc6 Kg7
34. h4 Kf7 35. g3 Ne6 36. Kg2 Ke7 37. Kf1 Rc7 38. Ra6 Nc5 39. Ra5 Rd7 40. Ke2
Ke6 41. Ke3 Ke5 42. b6 axb6 43. Rb5 Ra7 44. Rxb6 Rxa4 45. f4+ Kd5 46. h5 Ra3+
47. Kf2 Ra2+ 48. Ke3 Rg2 49. hxg6 Rxg3+ 50. Kf2 Rxg6 51. Rb8 Nd3+ 52. Kf1 Nxf4
53. Rb5+ Ke6 54. Kf2 Nd5 55. Ra5 e3+ 56. Kf3 f4 57. Ke4 e2 58. Ra6+ Kd7 59. Ra1
0-1

[Event "Veletrzni turnaj 2019"]
[Site "Brno"]
[Date "2019.08.28"]
[Round "5.22"]
[White "Habinova, Alice"]
[Black "Mares, Jaroslav"]
[Result "1-0"]
[WhiteElo "1356"]
[BlackElo "1990"]
[PlyCount "51"]
[EventDate "2019.08.25"]

1. e4 e6 2. Nf3 d5 3. e5 c5 4. c3 Nc6 5. Na3 a6 6. Nc2 f6 7. d4 cxd4 8. exf6
Nxf6 9. cxd4 Bd6 10. Bd3 O-O 11. O-O e5 12. dxe5 Nxe5 13. Nxe5 Bxe5 14. Bg5 Qd6
15. h3 Bxb2 16. Rb1 Bc3 17. Ne3 Kh8 18. Bxf6 Rxf6 19. Qh5 g6 20. Qxd5 Bd4 21.
Qg5 b5 22. Be4 Ra7 23. Rbd1 Re7 24. Bf3 Re5 25. Qh4 Rxe3 26. Rxd4 1-0

[Event "Veletrzni turnaj 2019"]
[Site "Brno"]
[Date "2019.08.28"]
[Round "5.26"]
[White "Zezula, Jakub"]
[Black "Hradek, Matyas"]
[Result "1-0"]
[WhiteElo "1213"]
[BlackElo "1546"]
[PlyCount "113"]
[EventDate "2019.08.25"]

1. e4 d6 2. d4 Nf6 3. Nc3 g6 4. Bg5 Bg7 5. Qd2 O-O 6. O-O-O c6 7. Be2 b5 8. Nf3
b4 9. Nb1 Nxe4 10. Qe3 Nxg5 11. Nxg5 Nd7 12. Nd2 Nb6 13. Nb3 Nd5 14. Qf3 Bd7
15. Bc4 Nf6 16. Qg3 a5 17. h4 h6 18. Nh3 Kh7 19. Bd3 Qc8 20. Ng5+ Kg8 21. Ne4
Bf5 22. Nxf6+ Bxf6 23. Bxf5 Qxf5 24. Rd3 h5 25. Re1 Qg4 26. Qxg4 hxg4 27. g3 g5
28. hxg5 Bxg5+ 29. Kd1 Kg7 30. f4 Bf6 31. Nd2 d5 32. Nb3 e6 33. Nc5 Ra7 34. Kd2
Rh8 35. Re2 Rh5 36. c3 bxc3+ 37. Kxc3 Be7 38. a4 Bxc5 39. dxc5 Rb7 40. b3 Kf8
41. Kd4 Ke7 42. Rb2 f6 43. Kc3 e5 44. fxe5 fxe5 45. b4 axb4+ 46. Rxb4 Rxb4 47.
Kxb4 Rf5 48. a5 Kd7 49. a6 Kc7 50. Ka5 Rf8 51. Rb3 Rb8 52. Rb6 e4 53. a7 Ra8
54. Ka6 e3 55. Rb7+ Kc8 56. Re7 Kd8 57. Rxe3 1-0

[Event "Veletrzni turnaj 2019"]
[Site "Brno"]
[Date "2019.08.28"]
[Round "5.27"]
[White "Sojka, Oldrich"]
[Black "Tajovsky, Simon"]
[Result "1/2-1/2"]
[WhiteElo "1447"]
[BlackElo "1494"]
[PlyCount "83"]
[EventDate "2019.08.25"]

1. e4 c5 2. Nc3 Nc6 3. a3 g6 4. Bc4 Bg7 5. Nf3 d6 6. h3 Nf6 7. d3 O-O 8. Bg5 a6
9. Qd2 Re8 10. Bh6 Bh8 11. Ng5 e6 12. O-O d5 13. exd5 exd5 14. Ba2 Bf5 15. Ne2
b5 16. Ng3 Be6 17. Nxe6 Rxe6 18. f4 Qe7 19. f5 Re5 20. fxg6 hxg6 21. Bf4 Re6
22. Bg5 c4 23. Rf2 Qd6 24. Bf4 Qc5 25. Kh2 Nd7 26. c3 d4 27. Ne4 Qb6 28. Ng5
dxc3 29. bxc3 Bxc3 30. Qxc3 Qxf2 31. Nxe6 fxe6 32. Bg3 Qc5 33. dxc4 bxc4 34.
Bxc4 Nd8 35. Re1 Rc8 36. Rc1 Nb6 37. Qf6 Nxc4 38. Qxg6+ Kf8 39. Rf1+ Ke7 40.
Qg7+ Ke8 41. Qg8+ Ke7 42. Qg7+ 1/2-1/2

[Event "Veletrzni turnaj 2019"]
[Site "Brno"]
[Date "2019.08.29"]
[Round "6.1"]
[White "Dirgas, Josef"]
[Black "Vyskocil, Neklan"]
[Result "0-1"]
[WhiteElo "2114"]
[BlackElo "2306"]
[PlyCount "71"]
[EventDate "2019.08.25"]

1. Nf3 g6 2. g3 Bg7 3. d4 f5 4. Bg2 Nf6 5. c4 O-O 6. Nc3 d6 7. O-O c6 8. b3 Qc7
9. Bb2 Na6 10. Nd2 e5 11. dxe5 dxe5 12. e4 f4 13. Nf3 Bg4 14. Qe2 Nc5 15. Ba3
Qa5 16. Bxc5 Qxc5 17. Na4 Qb4 18. Qc2 Ne8 19. a3 Qe7 20. c5 Nc7 21. h3 Bxf3 22.
Bxf3 Ne6 23. g4 Nd4 24. Qc3 Rad8 25. b4 Rd7 26. Rad1 Rfd8 27. Kg2 Qf7 28. Rd3
Nb5 29. Rxd7 Rxd7 30. Qb2 h6 31. Bd1 Kh7 32. Bb3 f3+ 33. Kg1 Qf6 34. Rd1 Nd4
35. Nc3 h5 36. Rd2 0-1

[Event "Veletrzni turnaj 2019"]
[Site "Brno"]
[Date "2019.08.29"]
[Round "6.2"]
[White "Marsa, Alexandr"]
[Black "Pokorny, Petr"]
[Result "0-1"]
[WhiteElo "1853"]
[BlackElo "2220"]
[PlyCount "56"]
[EventDate "2019.08.25"]

1. d4 d5 2. c4 e6 3. Nc3 c6 4. Nf3 dxc4 5. a4 Bb4 6. Bd2 b5 7. e3 a5 8. axb5
Bxc3 9. Bxc3 cxb5 10. b3 Bb7 11. bxc4 b4 12. Bb2 Nf6 13. Bd3 O-O 14. O-O Nbd7
15. Qc2 Qc7 16. e4 e5 17. d5 Rfe8 18. Nd2 Nc5 19. Be2 a4 20. f4 exf4 21. e5
Rxe5 22. Bxe5 Qxe5 23. Rae1 b3 24. Qd1 b2 25. Kh1 a3 26. Nb3 Nxb3 27. Qxb3 a2
28. Bd3 Qd4 0-1

[Event "Veletrzni turnaj 2019"]
[Site "Brno"]
[Date "2019.08.29"]
[Round "6.3"]
[White "Sipek, Michal"]
[Black "Jires, Jiri"]
[Result "0-1"]
[WhiteElo "2010"]
[BlackElo "2073"]
[PlyCount "58"]
[EventDate "2019.08.25"]

1. e4 e5 2. Nf3 Nc6 3. Bc4 Nf6 4. Ng5 d5 5. exd5 b5 6. Bf1 Nd4 7. c3 Nxd5 8.
cxd4 Qxg5 9. Bxb5+ Kd8 10. Qf3 Bb7 11. Nc3 exd4 12. Ne2 Bd6 13. h4 Qe5 14. Qg4
c6 15. Bc4 Nb4 16. Kd1 d3 17. Nd4 c5 18. Nf5 Bc8 19. Re1 Qxf5 20. Qxg7 Qg4+ 21.
Qxg4 Bxg4+ 22. f3 Bf5 23. g4 Bc8 24. Re3 Be6 25. Bxd3 Bf4 26. Be4 Bxe3 27. Bxa8
Bf2 28. a3 Bb3+ 29. Ke2 Nc2 0-1